| 000 | 00412nam a2200145Ia 4500 | ||
|---|---|---|---|
| 008 | 231129s2002||||xx |||||||||||||| ||spa|| | ||
| 020 | _a958-20-0677-3 | ||
| 040 | _bspa | ||
| 082 | _a616.9792 S324p | ||
| 100 | _aSchenker Inon I. | ||
| 245 | 0 | _aPrevención del VIH/SIDA en las escuelas | |
| 260 | _c2002 | ||
| 264 | _aCooperativa Editorial Magisterio | ||
| 942 |
_2ddc _cBKS |
||
| 999 |
_c23171 _d23171 |
||